000 00748cam a22002413a 4500
001 7931
003 PGUSA
005 20140828083150.0
008 050401s2005||||xxu|||||s|||||000 1 eng d
040 _aPGUSA
_beng
042 _adc
050 4 _aPS
100 1 _aDay, Holman,
_d1865-1935
245 1 0 _aAll-Wool Morrison :
_bTime -- Today, Place -- the United States, Period of Action -- Twenty-four Hours
_h[electronic resource] /
_cHolman Day
260 _bProject Gutenberg,
_c2005
506 _aPublic domain in the USA.
516 _aElectronic text
653 _aPolitical corruption -- Fiction
653 _aPoliticians -- Fiction
830 0 _aProject Gutenberg
_v7931
856 4 0 _uhttp://www.gutenberg.org/ebooks/7931
942 _cEB
999 _c237231
_d237231